Statistics for Doctor Who Character Quiz

Click here to take the quiz!

General Stats

  • This quiz has been taken 225 times
  • The average score is 19 of 25

Answer Stats

HintAnswer% Correct
Melody PondRiver Song
97%
Rose Tyler's BoyfriendMickey Smith
94%
Farting Alien Race from "Aliens in London"Slitheen
91%
Portrayed by John Barrowman and is immortalCaptain Jack Harkness
89%
"Moisturize Me"Cassandra
88%
Creator of the DaleksDavros
88%
Alien with "Translation Sphere" and have tentacles on their faceOod
88%
What is Commander Strax?Sontaran
86%
Companion who said "Run you clever boy, and remember"Clara Oswald
85%
Once you look away you forgot you ever saw oneThe Silence
85%
Gigantic Humanoid Alien Head who tells the Doctor "You Are Not Alone"Face of Boe
84%
Portrayed by Freema Agyeman and is a doctorMartha Jones
84%
Aliens Composed of Living FatAdipose
79%
Famous Author whom Donna Noble met in "The Unicorn and The Wasp"Agatha Christie
79%
French Painter who could see the invisible monster, KrafayisVincent Van Gogh
77%
Maid of and is in a relationship with Madame VastraJenny Flint
74%
Donna Noble's GrandfatherWilfred Mott
71%
Shadows that Melt the Flesh in "Slience in the Library"Vashta Nerada
70%
Shape-Shifting Alien that Amy Pond encounters in her homePrisoner Zero
66%
Fictional Character from Medieval Englad who Clara wants to meetRobin Hood
65%
Known as "Not-Mum" and was The Doctor's flatmate for a whileCraig Owens
61%
Portrayed by Kylie Minogue and saved the passengers of interstellar space liner RMS TitanicAstrid Peth
60%
Wanted by Clockwork Droids for her brainMadame de Pompadour
57%
"Beware the weeping angels. Oh and duck. No really, duck! ____ ______. DUCK, NOW!Sally Sparrow
52%
Half-Human Half-Spider who Donna Noble almost marriedRacnoss
23%

Score Distribution

Percentile by Number Answered

Percent of People with Each Score

Your Score History

You have not taken this quiz